Podróż po świecie - quiz geopolityczny#4 - Statystyki

Ogólne statystyki
  • Ten quiz został rozwiązany 52 razy
  • Średni wynik to 8 z 15
Statystyki odpowiedzi
Kierunek Odpowiedź % Poprawnych
Zaczynasz w Zambii na północny wschod Malawi
98%
Wschód Mozambik
93%
Polnoc Kenia
61%
Północny zachód Uganda
50%
Polnoc Czad
48%
Zachód Demokratyczna Republika Konga
48%
Wschód Egipt
48%
Północny wschód Izrael
48%
Północ Liban
48%
Północ Libia
48%
Północ Republika środkowo Afrykańska
48%
Poludnie Rwanda
48%
Północny wschód Gruzja
46%
Wschód Syria
46%
Północ Turcja
46%
Nie znaleziono quizów pasujących do podanych kryteriów
Rozkład punktacji
Procent ludzi z każdym wynikiem
Percentyl według liczby udzielonych odpowiedzi
Twoja historia wyników
Nie rozwiązałeś tego quizu